[Event "FRA-chT2 South 0809"]
[Site "France"]
[Date "2009.04.05"]
[Round "11.7"]
[White "Bastide, Jean Luc"]
[Black "Guerin, Gilles"]
[Result "0-1"]
[WhiteElo "1499"]
[BlackElo "2220"]
[PlyCount "76"]
[EventDate "2008.10.12"]
[EventType "team-tourn"]
[EventRounds "11"]
[EventCountry "FRA"]
[SourceTitle "EXT 2010"]
[Source "ChessBase"]
[SourceDate "2010.11.25"]
[SourceVersion "1"]
[SourceVersionDate "2010.11.25"]
[SourceQuality "1"]
[WhiteTeam "Avignon"]
[BlackTeam "Montpellier Diagonale"]
[WhiteTeamCountry "FRA"]
[BlackTeamCountry "FRA"]

1. e4 d6 2. f4 e5 3. Nf3 exf4 4. Bc4 Be6 5. Bxe6 fxe6 6. 0-0 e5 7. d4 Nc6 8. d5 Nb8 9. c4 Nd7 10. Qa4 c6 11. dxc6 Qb6+ 12. Kh1 Qxc6 13. Qxc6 bxc6 14. Ng5 Ngf6 15. Ne6 Ke7 16. Nxf4 exf4 17. Bxf4 Ne5 18. c5 Ke6 19. Nc3 dxc5 20. Bxe5 Kxe5 21. Rf5+ Ke6 22. Raf1 Bd6 23. Na4 Nxe4 24. R5f3 Rae8 25. Re1 Kd7 26. Rf7+ Kc8 27. Rb1 Re7 28. Rxe7 Bxe7 29. Re1 Rf8 30. g3 Nf2+ 31. Kg2 Bd6 32. Re6 Kc7 33. Re3 Ng4 34. Re2 h5 35. h3 Nf6 36. Rc2 Nd5 37. Re2 h4 38. Re6 hxg3 0-1